Stemmi Squadre di calcio - UEFA - Quiz n°23 - Statistics

Statistiche generali
  • Questo quiz è stato fatto 183 volte
  • Il punteggio medio è 8 su 10
Statistiche sulle risposte
con Immagini Risposta % Corretto
Málaga Club de Fútbol
100%
Atalanta Bergamasca Calcio
97%
Southampton Football Club
93%
Watford Football Club
93%
Galatasaray Spor Kulübü
92%
Fulham Football Club
91%
Kolejowy Klub Sportowy Lech Poznań
86%
Fussballclub Zürich
69%
Sheffield Wednesday Football Club
52%
Athlītikos Syllogos Arīs Thessalonikīs
24%
Nessun quiz corrispondente trovato
Distribuzione punteggi
Percentuale di utenti per punteggio
Percentile per numero di risposta
I tuoi punteggi nel tempo
Non hai fatto questo quiz